000 01307nam a2200337 a 4500
001 000038493
003 DO-SdBNP
005 20260421195457.0
007 ta
008 130412e2008 dr gr 001 0dspa d
020 _a9789945449020
040 _aDO-SdBNP
_bspa
_cBNPHU
082 4 _222
_bR788e
100 1 _a Rosa y Carpio, Ramón Benito de la,
_d1939-
_eMons.
_974159
245 1 0 _aElecciones :
_b46 temas básicos. Desde 1962 hasta 2008 /
_cRamón Benito de La Rosa y Carpio; presentación, César Castaño Guzmán,
246 _aElecciones :
_bcuarenta y seis temas básicos. Desde 1962 hasta 2008
250 _a2a ed.
260 _aSanto Domingo :
_bConferencia del Episcopado Dominicano,
_c2008
300 _a117 p. ;
_c22 cm.
490 _aLibros de la Rosa
500 _aIncluye datos biográficos del autor en las solapas de las cubiertas
500 _aIncluye índice analítico
590 _aInventariado 2023 / MF
650 0 _a Iglesia y problemas sociales.
_x Iglesia Católica
_zRepública Dominicana
_98584
650 0 _aCristianismo y política
_zRepública Dominicana
_944167
650 0 _92992
_aElecciones
_zRepública Dominicana
700 1 _964557
_aCastaño Guzmán, Julio César
710 2 _aGuerrero & Vásquez
_eeds.
_983095
910 _aMFeliz
942 _2ddc
_cLBS1
999 _c37983
_d37983